Riconosci lo Stato - Quiz n°65 - Statistics

Statistiche generali
  • Questo quiz è stato fatto 120 volte
    90 dall'ultimo reset
  • Il punteggio medio è 11 su 12
Statistiche sulle risposte
Indizio Risposta % Corretto
Re Filippo VI
99%
Popolazione 48 345 223 ab.
94%
Superficie 504 645 km²
94%
Iniziale della Capitale M
94%
ISU 0,905
93%
Tasso di crescita 1,24%
93%
PIL (nominale) 1 425 865 milioni di $
93%
Valuta Euro
93%
Forma di Governo Monarchia parlamentare
93%
Presidente del Governo Pedro Sánchez
93%
Risposta Spagna
93%
Fuso Orario UTC+0UTC+1
93%
Nessun quiz corrispondente trovato
Distribuzione punteggi
Percentuale di utenti per punteggio
Percentile per numero di risposta
I tuoi punteggi nel tempo
Non hai fatto questo quiz dall'ultimo reset